| 000 | 00641nam a2200217Ia 4500 | ||
|---|---|---|---|
| 003 | OSt | ||
| 005 | 20221007102942.0 | ||
| 006 | a|||||r|||| 00| 0 | ||
| 007 | ta | ||
| 008 | 221006b |||||||| |||| 00| 0 eng d | ||
| 024 | _a11,839 | ||
| 037 | _cTextual | ||
| 040 |
_aLCO _cLCO _beng |
||
| 041 |
_2eng _aeng |
||
| 082 | _aX577:545.1:(Z), P4 | ||
| 245 | 0 | _aWorld Trade Organisation International Trade Joint Ventures and Foreign Collaborations | |
| 260 |
_aNew _bDelhi Institute of Company Secretartaries of India India _c2004 |
||
| 300 | _a329 | ||
| 942 |
_hX577:545.1:(Z), P4 _cTEXL |
||
| 999 |
_c1181402 _d1181402 |
||